<?xml version="1.0" encoding="UTF-8"?>
<collection xmlns="http://www.loc.gov/MARC21/slim">
 <record>
  <leader>05537cam a2201081Ia 4500</leader>
  <controlfield tag="001">000533410</controlfield>
  <controlfield tag="003">OCoLC</controlfield>
  <controlfield tag="005">20170630181520.0</controlfield>
  <controlfield tag="006">m     o  d</controlfield>
  <controlfield tag="007">cr cnu||||||||</controlfield>
  <controlfield tag="008">110814s2011    enka    ob    001 0 eng d</controlfield>
  <datafield tag="STA" ind1=" " ind2=" ">
   <subfield code="a">NEZPRACOVANÝ IMPORT</subfield>
  </datafield>
  <datafield tag="010" ind1=" " ind2=" ">
   <subfield code="z">  2010050393</subfield>
  </datafield>
  <datafield tag="020" ind1=" " ind2=" ">
   <subfield code="a">9781119205876</subfield>
   <subfield code="q">(electronic bk.)</subfield>
  </datafield>
  <datafield tag="020" ind1=" " ind2=" ">
   <subfield code="a">1119205875</subfield>
   <subfield code="q">(electronic bk.)</subfield>
  </datafield>
  <datafield tag="020" ind1=" " ind2=" ">
   <subfield code="a">9780470670163</subfield>
   <subfield code="q">(electronic bk.)</subfield>
  </datafield>
  <datafield tag="020" ind1=" " ind2=" ">
   <subfield code="a">0470670169</subfield>
   <subfield code="q">(electronic bk.)</subfield>
  </datafield>
  <datafield tag="020" ind1=" " ind2=" ">
   <subfield code="a">9780470670125</subfield>
   <subfield code="q">(electronic bk.)</subfield>
  </datafield>
  <datafield tag="020" ind1=" " ind2=" ">
   <subfield code="a">0470670126</subfield>
   <subfield code="q">(electronic bk.)</subfield>
  </datafield>
  <datafield tag="020" ind1=" " ind2=" ">
   <subfield code="a">9780470670118</subfield>
   <subfield code="q">(electronic bk.)</subfield>
  </datafield>
  <datafield tag="020" ind1=" " ind2=" ">
   <subfield code="a">0470670118</subfield>
   <subfield code="q">(electronic bk.)</subfield>
  </datafield>
  <datafield tag="020" ind1=" " ind2=" ">
   <subfield code="a">1283371731</subfield>
  </datafield>
  <datafield tag="020" ind1=" " ind2=" ">
   <subfield code="a">9781283371735</subfield>
  </datafield>
  <datafield tag="020" ind1=" " ind2=" ">
   <subfield code="z">9780470669976</subfield>
   <subfield code="q">(pbk.)</subfield>
  </datafield>
  <datafield tag="020" ind1=" " ind2=" ">
   <subfield code="z">0470669977</subfield>
   <subfield code="q">(pbk.)</subfield>
  </datafield>
  <datafield tag="035" ind1=" " ind2=" ">
   <subfield code="a">(OCoLC)755982651</subfield>
   <subfield code="z">(OCoLC)765828461</subfield>
   <subfield code="z">(OCoLC)769189230</subfield>
   <subfield code="z">(OCoLC)772396896</subfield>
   <subfield code="z">(OCoLC)785722158</subfield>
   <subfield code="z">(OCoLC)815521511</subfield>
   <subfield code="z">(OCoLC)816878806</subfield>
   <subfield code="z">(OCoLC)860805479</subfield>
   <subfield code="z">(OCoLC)880753437</subfield>
   <subfield code="z">(OCoLC)961503241</subfield>
   <subfield code="z">(OCoLC)961631280</subfield>
   <subfield code="z">(OCoLC)962613366</subfield>
   <subfield code="z">(OCoLC)962670182</subfield>
   <subfield code="z">(OCoLC)966557269</subfield>
   <subfield code="z">(OCoLC)984636901</subfield>
   <subfield code="z">(OCoLC)988467538</subfield>
  </datafield>
  <datafield tag="037" ind1=" " ind2=" ">
   <subfield code="a">CL0500000314</subfield>
   <subfield code="b">Safari Books Online</subfield>
  </datafield>
  <datafield tag="037" ind1=" " ind2=" ">
   <subfield code="a">11296AED-4143-4B8F-97F4-EFCC99CBC2D7</subfield>
   <subfield code="b">OverDrive, Inc.</subfield>
   <subfield code="n">http://www.overdrive.com</subfield>
  </datafield>
  <datafield tag="050" ind1=" " ind2="4">
   <subfield code="a">HF5415.13</subfield>
   <subfield code="b">.M255 2011eb</subfield>
  </datafield>
  <datafield tag="072" ind1=" " ind2="7">
   <subfield code="a">KJS</subfield>
   <subfield code="2">bicssc</subfield>
  </datafield>
  <datafield tag="072" ind1=" " ind2="7">
   <subfield code="a">BUS</subfield>
   <subfield code="x">094000</subfield>
   <subfield code="2">bisacsh</subfield>
  </datafield>
  <datafield tag="082" ind1="0" ind2="4">
   <subfield code="a">658.8/02</subfield>
   <subfield code="2">22</subfield>
  </datafield>
  <datafield tag="100" ind1="1" ind2=" ">
   <subfield code="a">McDonald, Malcolm.</subfield>
  </datafield>
  <datafield tag="245" ind1="1" ind2="0">
   <subfield code="a">Marketing plans :</subfield>
   <subfield code="b">how to prepare them, how to use them /</subfield>
   <subfield code="c">Malcolm McDonald, Hugh Wilson.</subfield>
  </datafield>
  <datafield tag="250" ind1=" " ind2=" ">
   <subfield code="a">7th ed.</subfield>
  </datafield>
  <datafield tag="260" ind1=" " ind2=" ">
   <subfield code="a">Chichester, West Sussex, U.K. :</subfield>
   <subfield code="b">Wiley,</subfield>
   <subfield code="c">©2011.</subfield>
  </datafield>
  <datafield tag="300" ind1=" " ind2=" ">
   <subfield code="a">1 online resource (xvi, 573 pages) :</subfield>
   <subfield code="b">illustrations (some color)</subfield>
  </datafield>
  <datafield tag="336" ind1=" " ind2=" ">
   <subfield code="a">text</subfield>
   <subfield code="b">txt</subfield>
   <subfield code="2">rdacontent</subfield>
  </datafield>
  <datafield tag="337" ind1=" " ind2=" ">
   <subfield code="a">computer</subfield>
   <subfield code="b">c</subfield>
   <subfield code="2">rdamedia</subfield>
  </datafield>
  <datafield tag="338" ind1=" " ind2=" ">
   <subfield code="a">online resource</subfield>
   <subfield code="b">cr</subfield>
   <subfield code="2">rdacarrier</subfield>
  </datafield>
  <datafield tag="504" ind1=" " ind2=" ">
   <subfield code="a">Includes bibliographical references and index.</subfield>
  </datafield>
  <datafield tag="505" ind1="0" ind2=" ">
   <subfield code="a">Understanding the Marketing Process -- The Marketing Planning Process: 1 The Main Steps -- The Marketing Planning Process: 2 Removing the Myths -- Completing the Marketing Audit: 1 The Customer and Market Audit -- Completing the Marketing Audit: 2 The Product Audit -- Setting Marketing Objectives and Strategies -- The Integrated Marketing Communications Plan -- The Sales Plan -- The Pricing Plan -- The Multichannel Plan: The Route to Market -- The Customer Relationship Management Plan -- Implementation Issues in Marketing Planning -- Measuring the Effectiveness of Marketing Planning -- A Step-by-Step Marketing Planning System.</subfield>
  </datafield>
  <datafield tag="520" ind1=" " ind2=" ">
   <subfield code="a">&quot;Marketing Plans, Seventh Edition presents a practical, no-nonsense style and approach that helps and encourages practicing managers with the difficult task of marketing planning. This helpful text illustrates the process of preparing a marketing plan, how to manage that process, and how to put the plan in action. The new edition has been thoroughly updated with contemporary thinking and includes new information on multi-channel integration and other new electronic routes to market. All case material and examples have also been revised.&quot;--</subfield>
   <subfield code="c">Provided by publisher.</subfield>
  </datafield>
  <datafield tag="588" ind1="0" ind2=" ">
   <subfield code="a">Print version record.</subfield>
  </datafield>
  <datafield tag="590" ind1=" " ind2=" ">
   <subfield code="a">eBooks on EBSCOhost</subfield>
   <subfield code="b">All EBSCO eBooks</subfield>
  </datafield>
  <datafield tag="650" ind1=" " ind2="0">
   <subfield code="a">Marketing</subfield>
   <subfield code="x">Management.</subfield>
  </datafield>
  <datafield tag="650" ind1=" " ind2="0">
   <subfield code="a">Marketing</subfield>
   <subfield code="x">Planning.</subfield>
  </datafield>
  <datafield tag="650" ind1=" " ind2="4">
   <subfield code="a">Marketing</subfield>
   <subfield code="x">Management.</subfield>
  </datafield>
  <datafield tag="650" ind1=" " ind2="4">
   <subfield code="a">Marketing</subfield>
   <subfield code="x">Planning.</subfield>
  </datafield>
  <datafield tag="650" ind1=" " ind2="7">
   <subfield code="a">BUSINESS &amp; ECONOMICS</subfield>
   <subfield code="x">Green Business.</subfield>
   <subfield code="2">bisacsh</subfield>
  </datafield>
  <datafield tag="650" ind1=" " ind2="7">
   <subfield code="a">Marketing</subfield>
   <subfield code="x">Management.</subfield>
   <subfield code="2">fast</subfield>
   <subfield code="0">(OCoLC)fst01010209</subfield>
  </datafield>
  <datafield tag="650" ind1=" " ind2="7">
   <subfield code="a">Marketing</subfield>
   <subfield code="x">Planning.</subfield>
   <subfield code="2">fast</subfield>
   <subfield code="0">(OCoLC)fst01010240</subfield>
  </datafield>
  <datafield tag="655" ind1=" " ind2="7">
   <subfield code="a">elektronické knihy</subfield>
   <subfield code="7">fd186907</subfield>
   <subfield code="2">czenas</subfield>
  </datafield>
  <datafield tag="655" ind1=" " ind2="9">
   <subfield code="a">electronic books</subfield>
   <subfield code="2">eczenas</subfield>
  </datafield>
  <datafield tag="700" ind1="1" ind2=" ">
   <subfield code="a">Wilson, Hugh,</subfield>
   <subfield code="d">1962-</subfield>
  </datafield>
  <datafield tag="776" ind1="0" ind2="8">
   <subfield code="i">Print version:</subfield>
   <subfield code="a">McDonald, Malcolm.</subfield>
   <subfield code="t">Marketing plans.</subfield>
   <subfield code="b">7th ed.</subfield>
   <subfield code="d">Chichester, West Sussex, U.K. : Wiley, 2011</subfield>
   <subfield code="z">9780470669976</subfield>
   <subfield code="w">(DLC)  2010050393</subfield>
   <subfield code="w">(OCoLC)690904721</subfield>
  </datafield>
  <datafield tag="856" ind1="4" ind2="0">
   <subfield code="u">https://zdroje.vse.cz/login?url=http://search.ebscohost.com/login.aspx?direct=true&amp;scope=site&amp;db=nlebk&amp;AN=507320</subfield>
   <subfield code="y">Plný text</subfield>
  </datafield>
  <datafield tag="856" ind1="4" ind2="2">
   <subfield code="u">https://knihovna.vse.cz/e-zdroje/elektronicke-knihy/#ebsco</subfield>
   <subfield code="y">Informace o práci s e-knihami</subfield>
  </datafield>
  <datafield tag="BAS" ind1=" " ind2=" ">
   <subfield code="a">EBSCO</subfield>
  </datafield>
  <datafield tag="BAS" ind1=" " ind2=" ">
   <subfield code="a">EB</subfield>
  </datafield>
  <datafield tag="LKR" ind1=" " ind2=" ">
   <subfield code="a">PAR</subfield>
   <subfield code="b">000227087</subfield>
   <subfield code="l">UEP01</subfield>
   <subfield code="r">776</subfield>
   <subfield code="m">E-book</subfield>
   <subfield code="n">Tištěná verze</subfield>
  </datafield>
  <datafield tag="993" ind1=" " ind2=" ">
   <subfield code="x">NEPOSILAT</subfield>
   <subfield code="y">EB</subfield>
  </datafield>
  <datafield tag="019" ind1=" " ind2=" ">
   <subfield code="a">765828461</subfield>
   <subfield code="a">769189230</subfield>
   <subfield code="a">772396896</subfield>
   <subfield code="a">785722158</subfield>
   <subfield code="a">815521511</subfield>
   <subfield code="a">816878806</subfield>
   <subfield code="a">860805479</subfield>
   <subfield code="a">880753437</subfield>
   <subfield code="a">961503241</subfield>
   <subfield code="a">961631280</subfield>
   <subfield code="a">962613366</subfield>
   <subfield code="a">962670182</subfield>
   <subfield code="a">966557269</subfield>
   <subfield code="a">984636901</subfield>
   <subfield code="a">988467538</subfield>
  </datafield>
  <datafield tag="029" ind1="1" ind2=" ">
   <subfield code="a">AU@</subfield>
   <subfield code="b">000049568969</subfield>
  </datafield>
  <datafield tag="029" ind1="1" ind2=" ">
   <subfield code="a">AU@</subfield>
   <subfield code="b">000052900525</subfield>
  </datafield>
  <datafield tag="029" ind1="1" ind2=" ">
   <subfield code="a">AU@</subfield>
   <subfield code="b">000053270164</subfield>
  </datafield>
  <datafield tag="029" ind1="1" ind2=" ">
   <subfield code="a">CHNEW</subfield>
   <subfield code="b">000623529</subfield>
  </datafield>
  <datafield tag="029" ind1="1" ind2=" ">
   <subfield code="a">DEBBG</subfield>
   <subfield code="b">BV041052118</subfield>
  </datafield>
  <datafield tag="029" ind1="1" ind2=" ">
   <subfield code="a">DEBBG</subfield>
   <subfield code="b">BV041910522</subfield>
  </datafield>
  <datafield tag="029" ind1="1" ind2=" ">
   <subfield code="a">DEBSZ</subfield>
   <subfield code="b">397002572</subfield>
  </datafield>
  <datafield tag="029" ind1="1" ind2=" ">
   <subfield code="a">DKDLA</subfield>
   <subfield code="b">820120-katalog:000556360</subfield>
  </datafield>
  <datafield tag="029" ind1="1" ind2=" ">
   <subfield code="a">GBVCP</subfield>
   <subfield code="b">856569542</subfield>
  </datafield>
  <datafield tag="029" ind1="1" ind2=" ">
   <subfield code="a">HEBIS</subfield>
   <subfield code="b">29983252X</subfield>
  </datafield>
  <datafield tag="029" ind1="1" ind2=" ">
   <subfield code="a">NLGGC</subfield>
   <subfield code="b">356714551</subfield>
  </datafield>
  <datafield tag="029" ind1="1" ind2=" ">
   <subfield code="a">NZ1</subfield>
   <subfield code="b">14257151</subfield>
  </datafield>
  <datafield tag="029" ind1="1" ind2=" ">
   <subfield code="a">DEBBG</subfield>
   <subfield code="b">BV043393538</subfield>
  </datafield>
  <datafield tag="029" ind1="1" ind2=" ">
   <subfield code="a">DEBBG</subfield>
   <subfield code="b">BV044154986</subfield>
  </datafield>
  <datafield tag="029" ind1="1" ind2=" ">
   <subfield code="a">CHVBK</subfield>
   <subfield code="b">480185875</subfield>
  </datafield>
  <datafield tag="029" ind1="1" ind2=" ">
   <subfield code="a">CHNEW</subfield>
   <subfield code="b">000938280</subfield>
  </datafield>
  <datafield tag="029" ind1="1" ind2=" ">
   <subfield code="a">DEBSZ</subfield>
   <subfield code="b">485006812</subfield>
  </datafield>
  <datafield tag="049" ind1=" " ind2=" ">
   <subfield code="a">MAIN</subfield>
  </datafield>
  <datafield tag="938" ind1=" " ind2=" ">
   <subfield code="a">Books 24x7</subfield>
   <subfield code="b">B247</subfield>
   <subfield code="n">bkb00040947</subfield>
  </datafield>
  <datafield tag="938" ind1=" " ind2=" ">
   <subfield code="a">Coutts Information Services</subfield>
   <subfield code="b">COUT</subfield>
   <subfield code="n">20433976</subfield>
  </datafield>
  <datafield tag="938" ind1=" " ind2=" ">
   <subfield code="a">EBL - Ebook Library</subfield>
   <subfield code="b">EBLB</subfield>
   <subfield code="n">EBL706779</subfield>
  </datafield>
  <datafield tag="938" ind1=" " ind2=" ">
   <subfield code="a">ebrary</subfield>
   <subfield code="b">EBRY</subfield>
   <subfield code="n">ebr10510522</subfield>
  </datafield>
  <datafield tag="938" ind1=" " ind2=" ">
   <subfield code="a">EBSCOhost</subfield>
   <subfield code="b">EBSC</subfield>
   <subfield code="n">507320</subfield>
  </datafield>
  <datafield tag="938" ind1=" " ind2=" ">
   <subfield code="a">Ingram Digital eBook Collection</subfield>
   <subfield code="b">IDEB</subfield>
   <subfield code="n">337173</subfield>
  </datafield>
  <datafield tag="938" ind1=" " ind2=" ">
   <subfield code="a">YBP Library Services</subfield>
   <subfield code="b">YANK</subfield>
   <subfield code="n">3650273</subfield>
  </datafield>
  <datafield tag="938" ind1=" " ind2=" ">
   <subfield code="a">YBP Library Services</subfield>
   <subfield code="b">YANK</subfield>
   <subfield code="n">12609623</subfield>
  </datafield>
  <datafield tag="938" ind1=" " ind2=" ">
   <subfield code="a">YBP Library Services</subfield>
   <subfield code="b">YANK</subfield>
   <subfield code="n">12667356</subfield>
  </datafield>
  <datafield tag="994" ind1=" " ind2=" ">
   <subfield code="a">92</subfield>
   <subfield code="b">E2U</subfield>
  </datafield>
 </record>
</collection>
